<?xml version="1.0" encoding="UTF-8"?>
<record
    xmlns:xsi="http://www.w3.org/2001/XMLSchema-instance"
    xsi:schemaLocation="http://www.loc.gov/MARC21/slim http://www.loc.gov/standards/marcxml/schema/MARC21slim.xsd"
    xmlns="http://www.loc.gov/MARC21/slim">

  <leader>00646    a2200217   4500</leader>
  <datafield tag="020" ind1=" " ind2=" ">
    <subfield code="a">S/N</subfield>
  </datafield>
  <datafield tag="040" ind1=" " ind2=" ">
    <subfield code="a">ULA-LD-MS</subfield>
  </datafield>
  <datafield tag="082" ind1=" " ind2=" ">
    <subfield code="b">043.2</subfield>
  </datafield>
  <datafield tag="082" ind1=" " ind2=" ">
    <subfield code="b">658/OLI/I</subfield>
  </datafield>
  <datafield tag="100" ind1=" " ind2=" ">
    <subfield code="9">1093</subfield>
    <subfield code="a">OLIVEIRA, Nair de F&#xE1;tima Campos </subfield>
  </datafield>
  <datafield tag="245" ind1=" " ind2=" ">
    <subfield code="a">Influ&#xEA;ncia da Cultura Organizacional no Processo de Socializa&#xE7;&#xE3;o do Novo Colaborador</subfield>
  </datafield>
  <datafield tag="246" ind1=" " ind2=" ">
    <subfield code="a">Estudo de Caso: Escola Magist&#xE9;rio Mutu-Ya-Kevela 2022</subfield>
  </datafield>
  <datafield tag="250" ind1=" " ind2=" ">
    <subfield code="a">S/N</subfield>
  </datafield>
  <datafield tag="260" ind1=" " ind2=" ">
    <subfield code="a">Luanda</subfield>
    <subfield code="b">S/Edit.</subfield>
    <subfield code="c">2023</subfield>
  </datafield>
  <datafield tag="300" ind1=" " ind2=" ">
    <subfield code="a">87.p</subfield>
  </datafield>
  <datafield tag="600" ind1=" " ind2="0">
    <subfield code="a">OLIVEIRA, Nair de F&#xE1;tima Campos </subfield>
  </datafield>
  <datafield tag="650" ind1=" " ind2=" ">
    <subfield code="a">Gest&#xE3;o de Recursos Humanos</subfield>
  </datafield>
  <datafield tag="700" ind1=" " ind2=" ">
    <subfield code="a"> Nair de F&#xE1;tima Campos Oliveira</subfield>
  </datafield>
  <datafield tag="942" ind1=" " ind2=" ">
    <subfield code="c">TFC</subfield>
  </datafield>
  <datafield tag="999" ind1=" " ind2=" ">
    <subfield code="c">2269</subfield>
    <subfield code="d">2269</subfield>
  </datafield>
  <datafield tag="952" ind1=" " ind2=" ">
    <subfield code="0">0</subfield>
    <subfield code="1">0</subfield>
    <subfield code="2">ddc</subfield>
    <subfield code="4">0</subfield>
    <subfield code="7">0</subfield>
    <subfield code="a">ULA-LD-MS</subfield>
    <subfield code="b">ULA-LD-MS</subfield>
    <subfield code="d">2026-04-27</subfield>
    <subfield code="l">0</subfield>
    <subfield code="o">043.2 658/OLI/I</subfield>
    <subfield code="r">2026-04-27</subfield>
    <subfield code="w">2026-04-27</subfield>
    <subfield code="y">TFC</subfield>
  </datafield>
</record>
